Score 0/15 Timer 05:00
1 Play Today
% Correct
Angelica Pickles
95.1%
Eric Cartman
92.8%
Nelson Muntz
87.7%
Flats Flounder
73.4%
Red Herring
70.2%
Roger Klotz
62.9%
Binky Barnes
61.9%
Lars Rodriguez
57.7%
% Correct
Flash Thompson
53.6%
Montana Max
53.2%
Dash Baxter
52.9%
Erwin Lawson
48.4%
Wolfgang
48.1%
Francis
41.7%
Sperg
40.3%
Remove Ads.
Support Sporcle.
Get the best of Sporcle when you Go Orange. This ad-free experience offers more features, more stats, and more fun while also helping to support Sporcle. Thank you for becoming a member.

You're not logged in!

Compare scores with friends on all Sporcle quizzes.
OR
Log In

Sporcle TV

Today on Sporcle TV


Watch our educational content, quiz creation guides, and fun videos on Sporcle TV.

Show Comments

Extras

Top Quizzes Today


Score Distribution

Paid Content

Your Account Isn't Verified!

In order to create a playlist on Sporcle, you need to verify the email address you used during registration. Go to your Sporcle Settings to finish the process.

Report this User

Report this user for behavior that violates our Community Guidelines.

Details: